=LDR 00000nam 2200000 4500 =001 INLIS000000000011591 =005 20130612103135 =008 ***********************************Ind** =035 ##$$0010-061300000011591 =041 ##$$a Ind =082 ##$$a 750.1 =090 ##$$a 750.1, Ham P =100 ##$$a Hamzah, R =245 ##$$a Pengetahuan dasar kegiatan seni rupa, oleh R.Hamzah =260 ##$$a 1985 $b Jakarta =300 ##$$a xi, 105 hlm, ilus, 21 cm =650 ##$$a Seni Rupa =850 ##$$a NBPNMAT